banner koha

Recategorização de unidades de conservação: estudo de caso Reserva Biológica Nascentes da Serra do Cachimbo – PA, Brasil (Registro n. 299824)

MARC details
000 -LÍDER
fixed length control field 03593nab a2200289 i 4500
003 - CÓDIGO MARC DA AGÊNCIA CATALOGADORA
Campo de controle BR-BrBNA
005 - DATA E HORA DA ÚLTIMA ATUALIZAÇÃO
Campo de controle 20240528151009.0
008 - CAMPO DE TAMANHO FIXO
fixed length control field 240528b2019 bl.qr|pooa||| 00| 0 por |
040 ## - FONTE DA CATALOGAÇÃO
Agência catalogadora BR-BrBNA
Idioma da catalogação por
072 ## - CATEGORIA AGRIS
Código AGRIS P01
072 ## - CATEGORIA AGRIS
Código AGRIS D50
072 ## - CATEGORIA AGRIS
Código AGRIS E11
100 ## - ENTRADA PRINCIPAL - NOME PESSOAL
Nome pessoal Zamadei, Tamara
100 ## - ENTRADA PRINCIPAL - NOME PESSOAL
Nome pessoal Heimann, Jaqueline de Paula
100 ## - ENTRADA PRINCIPAL - NOME PESSOAL
Nome pessoal Pires, Paulo de Tarso de Lara
245 ## - TÍTULO PRINCIPAL
Título principal Recategorização de unidades de conservação: estudo de caso Reserva Biológica Nascentes da Serra do Cachimbo – PA, Brasil
500 ## - NOTA GERAL
Nota geral Publicação on-line; 27 ref.; 3 illus.; Summaries (En, Pt)
942 ## - ADDED ENTRY ELEMENTS (KOHA)
Koha item type
520 ## - NOTA DE RESUMO
Nota de conteúdo <br/><br/>Resumo<br/><br/>O objetivo central do presente estudo foi analisar a constitucionalidade, assim como os prós e contras de<br/>uma possível recategorização da Reserva Biológica Nascentes da Serra do Cachimbo, no Estado do Pará,<br/>para atender os critérios de desenvolvimento sustentável: economicamente viável, socialmente justo, e<br/>ambientalmente adequado. Verificou-se que é possível a alteração de categoria de uma UC de Proteção<br/>Integral, desde que por meio de Lei e compatível aos fins propostos pelo artigo 225 da Constituição<br/>Federal. As categorias que se pretende criar pelo PL no Senado 258/2009 e PL de Conversão 4/2017 são<br/>compatíveis com o uso e ocupação do solo, em vista disso, os prejuízos trazidos com a consolidação das<br/>novas Unidades de Conservação seriam mínimos quando comparados com o desenvolvimento sustentável<br/>que seria viabilizado na região. No entanto, somente estudos técnicos são capazes de confirmar se a área<br/>realmente enquadra-se nas novas categorias, o que garantiria adequação na forma de preservação da<br/>natureza.<br/><br/>Palavras-chave: Alteração de categoria; Reserva Biológica; Sistema Nacional de Unidades de Conservação
520 ## - NOTA DE RESUMO
Nota de conteúdo <br/><br/>Abstract<br/><br/>This study aimed to analyze the constitutionality, as well as the pros and cons of a possible recategorization<br/>of the Nascentes da Serra do Cachimbo Biological Reserve, located in the state of Pará state, in order to<br/>meet the criteria of sustainable development: economically viable, environmentally suitable and socially<br/>just. It was verified that it is possible to change the category of an Integral Protection Conservation<br/>Unit, provided that it is enacted by Law and compatible with the purposes from article 225 of the Federal<br/>Constitution. The categories to be created by Bills No. 258/2009 and 4/2017 are compatible with the soil<br/>use and occupation; given this the damages brought with the consolidation of the new Conservation Units<br/>would be minimal when compared with the sustainable development that would be feasible in the region.<br/>However, only technical studies can confirm whether the area really fits into the new categories, which<br/>would guarantee adequacy in the ways of nature conservation.<br/><br/>Keywords: Category change; Biological Reserve; National System of Nature Conservation Units
650 ## - ASSUNTO - THESAGRO
Cabeçalho tópico ou nome geográfico RESERVA BIOLÓGICA
650 ## - ASSUNTO - THESAGRO
Cabeçalho tópico ou nome geográfico SISTEMA NACIONAL DE UNIDADES DE CONSERVAÇÃO
650 ## - ASSUNTO - THESAGRO
Cabeçalho tópico ou nome geográfico DESENVOLVIMENTO SUSTENTÁVEL
773 0# - ENTRADA ANALÍTICA
Host Biblionumber 4065
Registro do item 314613
Imprenta Santa Maria-RS Universidade Federal de Santa Maria - Centro de Pesquisas Florestais.Departamento de Ciências Florestais. Programa de Pós-Graduação em Engenharia Florestal 1991
Outro identificador 2024-0865
Título Ciência Florestal (Brazil)
ISSN 0103-9954; 1980-5098 (on-line)
Colação v. 29(4) p. 1796-1808; (Oct-Dec 2019)
Número de controle de registro BR2023001721
856 ## - ACESSO E ENDEREÇO ELETRÔNICO
Identificador uniforme de recurso - URI https://www.scielo.br/j/cflo/a/ffQ7yfDkT3ZSdfR9PQ3Wf4S/?format=pdf&lang=pt

Nenhum exemplar disponível.

BINAGRI

Telefone: (61)3218-2567/2388/3357/2097 - binagri@agro.gov.br

Ministério da Agricultura e Pecuária , Esplanada dos Ministérios, Bloco D, Anexo B, Brasília/DF, CEP: 70.043-900